Divisas del Mundo - Estadísticas

Estadísticas generales
  • Esta prueba ha sido intentada 156 veces
  • La puntuación promedio es 20 de 74
Estadísticas de respuestas
Países Moneda % Correcto
México, Argentina, Chile, Filipinas, otros... Peso
98%
Estados Unidos, Canadá, Australia, muchos otros... Dólar
97%
24 países distintos Euro
97%
Japón Yen
87%
Reino Unido, Egipto, Líbano, Sudán, Siria, otros... Libra
83%
Perú Sol
75%
Suiza, varios países africanos Franco
72%
China Yuan
68%
Venezuela Bolívar
65%
Dinamarca, Noruega, Islandia, otros... Corona
63%
Bielorrusia, Rusia Rublo
59%
India, Pakistán, Sri Lanka, Nepal, otros... Rupia
58%
Brasil Real
57%
Irán, Omán, Yemen Rial
57%
Turquía Lira
55%
Argelia, Irak, Serbia, Túnez, otros... Dinar
53%
Marruecos, Emiratos Árabes Unidos Dírham
43%
Corea del Sur, Corea del Norte Won
38%
Polonia Złoty
37%
Paraguay Guaraní
36%
Guatemala Quetzal
36%
Costa Rica Colón
31%
Bosnia y Herzegovina Marco
30%
Cabo Verde Escudo
28%
Kenia, Somalia, Tanzania, Uganda Chelín
26%
Hungría Florín
25%
Sudáfrica Rand
25%
Moldavia, Rumanía Leu
23%
Tailandia Baht
22%
Camboya Riel
22%
Bolivia Boliviano
21%
Albania Lek
21%
Afganistán Afgani
19%
Vietnam Dong
17%
Panamá Balboa
16%
Ucrania Grivna
16%
Nicaragua Córdoba
15%
Macedonia del Norte Denar
14%
Israel Séquel
14%
Bulgaria Leva
13%
Armenia Dram
12%
Honduras Lempira
12%
Azerbaiyán, Turkmenistán Manat
12%
Bangladés Taka
11%
Etiopía Birr
10%
Angola Kwanza
10%
Georgia Lari
10%
Botsuana Pula
10%
Kirguistán, Uzbekistán Som
10%
Gambia Dalasi
8%
Haití Gourde
8%
Laos Kip
8%
Myanmar Kyat
7%
Malasia Ringgit
7%
Catar, Arabia Saudita Riyal
7%
Kazajistán Tenge
7%
Ghana Cedi
6%
Malawi, Zambia Kwacha
5%
Lesoto Loti
5%
Nigeria Naira
5%
Tayikistán Somoni
5%
Mauritania Uguiya
5%
Vanuatu Vatu
5%
Papúa Nueva Guinea Kina
4%
Sierra Leona Leone
4%
Mozambique Metical
4%
Tonga Paʻanga
4%
Madagascar Ariary
3%
Santo Tomé y Príncipe Dobra
3%
Suazilandia Lilangeni
3%
Eritrea Nakfa
3%
Bután Ngultrum
3%
Samoa Tālā
3%
Mongolia Tugrik
3%
No se encontraron pruebas coincidentes
Distribución de puntuación
Porcentaje de gente con cada puntuación
Porcentaje por número respondido
Historial de tus puntuaciones
No has intentado esta prueba.